| 000 | 00550nam a2200193 a 4500 | ||
|---|---|---|---|
| 001 | 5074 | ||
| 003 | CDMR | ||
| 005 | 20131018095035.0 | ||
| 008 | 130130s1953||||||||||||||||||||||||||||d | ||
| 040 |
_aCDMR _bcat _cCDMR |
||
| 245 | 3 | _aLa presse socialiste en Europe | |
| 246 | _aDie sozialistische Presse in Europa | ||
| 246 | _aThe socialist press in Europe | ||
| 260 |
_a[Amsterdam] _c1953 _bCentre International de Presse |
||
| 300 | _a60 p. | ||
| 650 | 0 | 4 |
_94083 _aPremsa _vBibliografia _zEuropa |
| 650 | 0 | 4 |
_94128 _aPremsa socialista |
| 942 |
_cMON _2udc |
||
| 999 |
_c5074 _d5074 |
||